Nejslavnější příběhy řecké mytologie /

Další autoři: Salariya, David, Ford, James, Antram, David, 1958-, Bergin, Mark, 1961-, Rutherford, Peter, 1958-
Jazyk: Čeština
Vydáno: Praha : D-Consult v nakl. Deus, 2007
Vydání: Vyd. 1.
Témata:
Externí odkaz: Digitalizovaný dokument
Fyzický popis: 143 s. : barev. il. ; 27 cm
Knihy
Uloženo v:
LEADER 02140nam a2200553 a 4500
001 nkc20081823408
003 CZ PrNK
005 20081212095331.0
007 ta
008 081016s2007 xr a c 001 f cze
015 |a cnb001823408 
020 |a 978-80-87087-33-6  |q (váz.) 
035 |a (OCoLC)276818315 
040 |a ABA001  |b cze 
041 1 |a cze  |h fre 
072 7 |a 25  |x Náboženství, mytologie, kulty  |2 Konspekt  |9 5 
072 7 |a 0/9-053.2  |x Literatura pro děti a mládež (naučná)  |2 Konspekt  |9 26 
080 |a 821-93  |2 MRF 
080 |a 821.14-34  |2 MRF 
080 |a 255.2  |2 MRF 
080 |a (0:82-34)  |2 MRF 
080 |a (0:82-343)  |2 MRF 
245 0 0 |a Nejslavnější příběhy řecké mytologie /  |c sestavil a graficky upravil David Salariya ; [autoři James Ford ... et al. ; ilustrace David Antram, Mark Bergin, Peter Rutherford ; z francouzského originálu ... přeložila Petra Bernatová] 
250 |a Vyd. 1. 
260 |a Praha :  |b D-Consult v nakl. Deus,  |c 2007 
300 |a 143 s. :  |b barev. il. ;  |c 27 cm 
500 |a Terminologický slovník 
500 |a Obsahuje rejstřík 
650 0 7 |a řecká mytologie  |7 ph128258  |2 czenas 
650 0 9 |a Greek mythology  |2 eczenas 
655 7 |a řecké pověsti  |7 fd227912  |2 czenas 
655 7 |a mýty  |7 fd132901  |2 czenas 
655 7 |a publikace pro děti  |7 fd133156  |2 czenas 
655 9 |a Greek legends  |2 eczenas 
655 9 |a myths  |2 eczenas 
655 9 |a children's literature  |2 eczenas 
700 1 |a Salariya, David  |7 pna2007418529  |4 com 
700 1 |a Ford, James  |7 jx20081016013  |4 aut 
700 1 |a Antram, David,  |d 1958-  |7 xx0066134  |4 ill 
700 1 |a Bergin, Mark,  |d 1961-  |7 xx0063499  |4 ill 
700 1 |a Rutherford, Peter,  |d 1958-  |7 jx20081016039  |4 ill 
765 0 |t Folles aventures de la mythologie grecque  |9 Česky 
856 4 1 |u http://www.digitalniknihovna.cz/mzk/uuid/uuid:12f00200-cf91-11ed-83f1-005056827e52  |y Digitalizovaný dokument  |x NDK 
910 2 |a BOA001  |b 3-1212.430 
928 9 |a Deus 
990 |a BK 
995 |a 01 
991 |b 200810 
996 6 |b 2610357921  |c 3-1212.430  |l MZK  |r Sklad / do 1 hodiny  |n 1  |p p.v.  |w 000916165  |u 000010  |a 1  |e BOA001  |j MZK50  |s P